Online
Catalog

Sanar el corazón / (Record no. 10553)

MARC details
000 -CABECERA
campo de control de longitud fija 00826nam a2200229 a 4500
001 - NÚMERO DE CONTROL
campo de control 000010804
005 - FECHA Y HORA DE LA ÚLTIMA TRANSACCIÓN
campo de control 20200929162308.0
008 - DATOS DE LONGITUD FIJA--INFORMACIÓN GENERAL
campo de control de longitud fija 091012s1998 ag a 001 0 spa d
020 ## - NÚMERO INTERNACIONAL ESTÁNDAR DEL LIBRO
Número Internacional Estándar del Libro 9501518922
040 ## - FUENTE DE LA CATALOGACIÓN
Centro catalogador/agencia de origen DO-SdBNP
100 1# - ENTRADA PRINCIPAL--NOMBRE DE PERSONA
Nombre de persona Chopra, Deepak
9 (RLIN) 3471
245 10 - MENCIÓN DE TÍTULO
Título Sanar el corazón /
Mención de responsabilidad, etc. Deepak Chopra ; editor Javier Vergara ; traductor Edith Zilli.
260 ## - PUBLICACIÓN, DISTRIBUCIÓN, ETC.
Lugar de publicación, distribución, etc. Buenos Aires :
Nombre del editor, distribuidor, etc. B Argentina,
Fecha de publicación, distribución, etc. 1998.
300 ## - DESCRIPCIÓN FÍSICA
Extensión 156 p. :
Otras características físicas il. ;
Dimensiones 24 cm.
500 ## - NOTA GENERAL
Nota general El equilibrio mente/cuerpo es la clave para tener un corazón sano
500 ## - NOTA GENERAL
Nota general Incluye datos biograficos del autor en la solapa
500 ## - NOTA GENERAL
Nota general Incluye notas al pie de las páginas
500 ## - NOTA GENERAL
Nota general traducido al español
534 ## - NOTA SOBRE LA VERSIÓN ORIGINAL
Encabezamiento principal del original Título original en inglés
Mención de edición del original Healing the heart
700 1# - PUNTO DE ACCESO ADICIONAL--NOMBRE DE PERSONA
Nombre de persona Vergara, Javier
Término indicativo de función/relación ed.
9 (RLIN) 12864
700 1# - PUNTO DE ACCESO ADICIONAL--NOMBRE DE PERSONA
Nombre de persona Zilli, Edith
Término indicativo de función/relación tr.
9 (RLIN) 3228
Holdings
Estado de retiro Estado de pérdida Restricciones de uso No para préstamo Código de colección Localización permanente Ubicación/localización actual Ubicación en estantería Fecha de adquisición Número de inventario Total de préstamos Signatura topográfica completa Código de barras Fecha visto por última vez Precio válido a partir de Tipo de ítem Koha
        Monografías: Libros y Folletos General General En catalogación 12.10.2009 LF1   10804-10 25.06.2020 25.06.2020 Préstamo en sala

Powered by Koha